000
00261 a2200121 4500
005
20251015152202.0
020
_a
9789367135587
100
_a
Pfleeger C.P.
_9
214623
245
_a
Security In Computing
250
_a
6th
260
_b
Pearson
_c
2025
942
_c
AR
999
_c
368917
_d
368917